The first anglo-maratha war : (Record no. 129676)

MARC details
000 -LEADER
fixed length control field 00751nam a22002297a 4500
005 - DATE AND TIME OF LATEST TRANSACTION
control field 20170124110101.0
010 ## - LIBRARY OF CONGRESS CONTROL NUMBER
LC control number A-680533
020 ## - INTERNATIONAL STANDARD BOOK NUMBER
Terms of availability 00.00
International Standard Book Number 8171546960
035 ## - SYSTEM CONTROL NUMBER
System control number A-680533
037 ## - SOURCE OF ACQUISITION
Source of stock number/acquisition Cen Lib/Ret
040 ## - CATALOGING SOURCE
Original cataloging agency DPL
Language of cataloging EN
082 ## - DEWEY DECIMAL CLASSIFICATION NUMBER
Classification number 954.01
Item number KAN
100 ## - MAIN ENTRY--PERSONAL NAME
Personal name Kantak, M. R.
9 (RLIN) 27104
245 ## - TITLE STATEMENT
Title The first anglo-maratha war :
Statement of responsibility, etc by M. R. Kantak
Remainder of title 1774-1783 : a military study of major battles /
260 ## - PUBLICATION, DISTRIBUTION, ETC. (IMPRINT)
Place of publication, distribution, etc Bombay
Name of publisher, distributor, etc Popular Prakashan
Date of publication, distribution, etc 1993
270 ## - ADDRESS
Address 35-C, Pandit Madan Mohan Malaviya Marg
City Bombay
Postal code 400034
300 ## - PHYSICAL DESCRIPTION
Extent 250p.
Dimensions 20cm(Hb)
500 ## - GENERAL NOTE
General note Includes bibliographical reference and index
650 ## - SUBJECT ADDED ENTRY--TOPICAL TERM
Topical term or geographic name as entry element Maratha
9 (RLIN) 27105
650 ## - SUBJECT ADDED ENTRY--TOPICAL TERM
Topical term or geographic name as entry element Maratha War (1775-1782)
9 (RLIN) 27106
942 ## - ADDED ENTRY ELEMENTS (KOHA)
Source of classification or shelving scheme Dewey Decimal Classification
Koha item type English Books
Classification part 954.01
Call number suffix KAN
Holdings
Withdrawn status Lost status Damaged status Not for loan Home library Current library Date acquired Source of acquisition Cost, normal purchase price Total Checkouts Total Renewals Full call number Barcode Date last seen Date checked out Copy number Cost, replacement price Price effective from Koha item type
        Central Library Central Library 07/07/2015 Cen Lib/Ret 0.00 1 2 954.01 KAN A-680533 01/09/2019 01/08/2019 1 0.00 07/07/2015 English Books

© Delhi Public Library
Hit Counter
free hit counter